| 000 | 00337nam a2200133Ia 4500 | ||
|---|---|---|---|
| 008 | 210210b2005 xxu||||| |||| 00| 0 eng d | ||
| 082 | _a338.1 HINS | ||
| 100 | _aHINDU. | ||
| 245 | _aSurvey of Indian agriculture 2005. | ||
| 260 |
_aChennai _bKasturi and Sons Limited _c2005 |
||
| 300 | _a212 | ||
| 690 | _aAgriculture | ||
| 906 | _a061054 | ||
| 999 |
_c107982 _d107982 |
||